000 00510nam a2200181 a 4500
020 _a0333291948
020 _a0333291956 (pbk.)
040 _cHLS
082 _a339 MAC 1986 A014 Or.
100 1 _aBhaduri, Amit
245 1 0 _aMacroeconomics :
_bthe dynamics of commodity production /
260 _aHoundmills, Basingstoke, Hampshire :
_bMacmillan,
_c1986
300 _axii, 278 p. :
_bill. ;
_c23 cm
490 1 _aRadical economics
500 _aIncludes indexes
650 0 _aMacroeconomics
942 _cEK
999 _c13025
_d13025